| 000 | 00937nam a2200325 i 4500 | ||
|---|---|---|---|
| 001 | bgj | ||
| 100 | 1 |
_aTWAIN, Mark _d(1835-1910) |
|
| 245 | 1 | 0 |
_aThe Adventures of Huckleberry Finn / _cMark Twain ; with an introduction by Wallace Stegner. |
| 250 | _a[4th ed.]. | ||
| 260 |
_aNew York : _bDell Publishing Co., _c1963. |
||
| 300 |
_a351 pp ; _c17 cm. |
||
| 490 | 1 | _aLaurel Edition | |
| 500 | _aReal name of the author: Samuel Langhorne Clemens. | ||
| 650 | 9 | _aRunaway children | |
| 650 | 9 | _aMale friendship | |
| 650 | 9 | _aFugitive slaves | |
| 650 | 9 | _aRace relations | |
| 650 | 9 | _aBoys | |
| 650 | 9 | _aAdventure fiction | |
| 650 | 9 | _aHumorous fiction | |
| 650 | 9 | _aBildungsromans | |
| 655 | _aFiction | ||
| 700 | 1 |
_aCLEMENS, Samuel _bLanghorne _d(1835-1910) |
|
| 700 | 1 | _aSTEGNER, Wallace | |
| 830 | _aLaurel Edition | ||
| 040 | _cBPK | ||
| 041 | _aeng | ||
| 942 | _cKS | ||
| 008 | s uk f |000 0 eng | ||
| 999 |
_c47942 _d47942 |
||
| 856 |
_uhttp://koha.tu.koszalin.pl/cgi-bin/koha/opac-detail.pl?biblionumber=47942 _yKatalog online BPK |
||